Wave and lake level statistics for Lake Michigan /

Bibliographic Details
Main Author: Saville, Thorndike, 1925-
Format: Government Document Book
Language:English
Published: [Washington] : Dept. of the Army, Corps of Engineers, Beach Erosion Board, 1953.
Series:Technical memorandum (United States. Beach Erosion Board) ; no. 36.
Subjects:

MARC

Tag First Indicator Second Indicator Subfields
LEADER 00000cam a2200000Ii 4500
001 in00002017656
005 20151031160501.0
008 050107s1953 dcua s 000 0 eng d
035 |a (OCoLC)ocm04475525 
040 |a OSU  |c OSU  |d OCL  |d OCLCQ  |d UtOrBLW 
043 |a n-us-mi 
049 |a TXAM 
086 0 |a D 103.19:36 
090 |a GB1627.G87  |b S3 
100 1 |a Saville, Thorndike,  |d 1925- 
245 1 0 |a Wave and lake level statistics for Lake Michigan /  |c [Thorndike Saville, Jr.]. 
264 1 |a [Washington] :  |b Dept. of the Army, Corps of Engineers, Beach Erosion Board,  |c 1953. 
300 |a 94 pages in various pagings :  |b illustrations ;  |c 26 cm. 
336 |a text  |b txt  |2 rdacontent 
337 |a unmediated  |b n  |2 rdamedia 
338 |a volume  |b nc  |2 rdacarrier 
490 1 |a Technical memorandum - Beach Erosion Board, Corps of Engineers ;  |v no. 36 
650 0 |a Water waves  |v Statistics. 
651 0 |a Michigan, Lake. 
776 0 8 |i Online version:  |a Saville, Thorndike, 1925-  |t Wave and lake level statistics for Lake Michigan.  |d [Washington] : Dept. of the Army, Corps of Engineers, Beach Erosion Board, 1953  |w (OCoLC)635600447 
830 0 |a Technical memorandum (United States. Beach Erosion Board) ;  |v no. 36. 
945 |a cataloged  |k rvaughan  |c 2005/1/7 
994 |a C0  |b TXA 
948 |a cataloged  |b h  |c 2010/06/14  |e rharris  |f 11:30:52 am 
999 |a MARS 
999 f f |s 18238637-3e36-3272-9080-6037d2d0ac62  |i eff330b2-1957-3d16-847c-63af05b90fea  |t 0 
952 f f |p normal  |a Texas A&M University  |b College Station  |c Sterling C. Evans Library  |d Evans: US Documents (Annex 5th floor)  |t 0  |e D 103.19:31-40  |h Superintendent of Documents classification  |i unmediated -- volume  |m A14832423370 
952 f f |a Texas A&M University  |b College Station  |c Sterling C. Evans Library  |d Evans: US Documents (Annex 5th floor)  |t 0  |e D 103.19:31-40  |h Superintendent of Documents classification 
998 f f |a D 103.19:31-40  |t 0  |l Evans: US Documents (Annex 5th floor)